Countries Bordering Countries that Border Russia - Statistics

General Stats
  • This quiz has been taken 57 times
  • The average score is 22 of 23
Answer Stats
Country % Correct
Bhutan
100%
Nepal
100%
Germany
98%
India
98%
Laos
98%
Moldova
98%
Romania
98%
Turkey
98%
Uzbekistan
98%
Vietnam
98%
Myanmar
96%
Sweden
96%
Tajikistan
96%
Turkmenistan
96%
Armenia
94%
South Korea
94%
Hungary
92%
Iran
92%
Kyrgyzstan
92%
Slovakia
92%
Afghanistan
90%
Czech Republic
90%
Pakistan
90%
No matching quizzes found
Score Distribution
Percent of People with Each Score
Percentile by Number Answered
Your Score History
You have not taken this quiz